| 000 | 00648nam a22002057a 4500 | ||
|---|---|---|---|
| 999 |
_c15474 _d15474 |
||
| 003 | AR-CdUCM | ||
| 008 | 190427b ||||| |||| 00| 0 spa d | ||
| 040 |
_aMUNICIPALIDAD PROVINCIAL DEL CUSCO _cBIBLIOTECA MUNICIPAL DEL CUSCO |
||
| 082 |
_22ed. _aEP / 372 / _bV51 |
||
| 100 |
_aVérité, Marcelle _934558 |
||
| 245 | _aEl mundo de las plantas / | ||
| 260 |
_aBarcelona : _bTimun mas, |
||
| 300 |
_a94 paginas ; _bIlustraciones, graficos, dibujos _c32 cm. |
||
| 500 | _aEl mundo de las plantas para niños | ||
| 650 |
_aCuentos _9217 |
||
| 650 |
_aHistoria _9136 |
||
| 650 |
_aPlantas _919530 |
||
| 942 |
_2ddc _cLIBROS |
||
| 945 |
_apjha _d2019-04-27 |
||